National talent search exam : (Record no. 149900)
[ view plain ]
| 000 -LEADER | |
|---|---|
| fixed length control field | 00588nam a22001937a 4500 |
| 005 - DATE AND TIME OF LATEST TRANSACTION | |
| control field | 20180213142420.0 |
| 010 ## - LCCN (DPL NO) | |
| LC control number | ENG-122244 |
| 020 ## - INTERNATIONAL STANDARD BOOK NUMBER | |
| Terms of availability | 599.00 |
| International Standard Book Number | 9789384246266 |
| 035 ## - SYSTEM CONTROL NUMBER | |
| System control number | EN-105776 |
| 037 ## - SOURCE OF ACQUISITION | |
| Source of stock number/acquisition | DBAD/PUB |
| 082 ## - DEWEY DECIMAL CLASSIFICATION NUMBER | |
| Classification number | 000 |
| 100 ## - MAIN ENTRY--PERSONAL NAME | |
| Personal name | Pathak, Vinod |
| 245 ## - TITLE STATEMENT | |
| Title | National talent search exam : |
| Statement of responsibility, etc | by Vinod Pathak / |
| Remainder of title | solved model test papers |
| 250 ## - EDITION STATEMENT | |
| Edition statement | rev.ed. |
| 260 ## - PUBLICATION, DISTRIBUTION, ETC. (IMPRINT) | |
| Place of publication, distribution, etc | Noida |
| Name of publisher, distributor, etc | Phylicia marketing and distribution company |
| Date of publication, distribution, etc | c2016 |
| 270 ## - ADDRESS | |
| Address | 1st floor, B-147, Sector-51 |
| City | Noida |
| Postal code | 201303 |
| 300 ## - PHYSICAL DESCRIPTION | |
| Extent | 339p. |
| Dimensions | 23cm(pbk) |
| 942 ## - ADDED ENTRY ELEMENTS (KOHA) | |
| Source of classification or shelving scheme | Dewey Decimal Classification |
| Item type | English Books |
| Classification part | 000 |
| Call number suffix | PAT |
| Withdrawn status | Lost status | Not for loan | Collection code | Home library | Current library | Date acquired | Source of acquisition | Cost, normal purchase price | Full call number | Barcode | Copy number | Cost, replacement price | Koha item type |
|---|---|---|---|---|---|---|---|---|---|---|---|---|---|
| Non-fiction | Shahdara Branch | Shahdara Branch | 12/02/2018 | DBAD/PUB | 599.00 | 000 PAT | EN-105776 | 1 | 599.00 | English Books |
